Nedokonalá konkurencia a regulácia trhu

Gespeichert in:
Bibliographische Detailangaben
1. Verfasser: Ščepková, Jana
Format: Buchkapitel
Sprache:Slowakisch
Tags: Tag hinzufügen
Keine Tags, Fügen Sie das erste Tag hinzu!

MARC

LEADER 00000naa$a2200000$$$4500
001 0060807
005 20240502071657.0
041 0 |a slo 
044 |a SK 
245 1 0 |a Nedokonalá konkurencia a regulácia trhu  |c Jana Ščepková 
100 1 |a Ščepková, Jana